[Event "2025 National K-12 Grade Championship"]
[Site "Spokane, WI USA, United States"]
[Date "2025.12.12"]
[Round "2.20"]
[White "Badrinarayanan, Ashwath"]
[Black "Goodrich, Elliott"]
[Result "0-1"]
[TimeControl "G/90; d10"]
[WhiteFideId "39974154"]
[BlackFideId "39902064"]
[WhiteElo "1739"]
[BlackElo "2225"]

1. c4 {[%clk 01:30:00]} c6 {[%clk 01:28:46]} {[%emt 00:01:25]} 2. Nc3 {[%clk
01:29:38]} {[%emt 00:00:31]} d5 {[%clk 01:28:08]} {[%emt 00:00:50]} 3. d4
{[%clk 01:29:10]} {[%emt 00:00:37]} Nf6 {[%clk 01:28:08]} {[%emt 00:00:04]} 4.
Nf3 {[%clk 01:29:10]} {[%emt 00:00:06]} e6 {[%clk 01:28:08]} {[%emt 00:00:03]}
5. g3 {[%clk 01:28:54]} {[%emt 00:00:26]} Nbd7 {[%clk 01:27:43]} {[%emt
00:00:35]} 6. Bg2 {[%clk 01:28:54]} {[%emt 00:00:10]} Bd6 {[%clk 01:26:23]}
{[%emt 00:01:31]} 7. O-O {[%clk 01:28:35]} {[%emt 00:00:28]} O-O {[%clk
01:25:24]} {[%emt 00:01:09]} 8. Nd2 {[%clk 01:26:39]} {[%emt 00:02:04]} Re8
{[%clk 01:23:38]} {[%emt 00:01:59]} 9. f4 {[%clk 01:21:04]} {[%emt 00:05:43]}
c5 {[%clk 01:17:34]} {[%emt 00:06:15]} 10. cxd5 {[%clk 01:18:08]} {[%emt
00:03:04]} cxd4 {[%clk 01:12:56]} {[%emt 00:04:49]} 11. dxe6 {[%clk 01:06:48]}
{[%emt 00:11:29]} Rxe6 {[%clk 01:11:47]} {[%emt 00:01:19]} 12. Nce4 {[%clk
01:03:54]} {[%emt 00:03:02]} Bf8 {[%clk 01:02:56]} {[%emt 00:09:02]} 13. Ng5
{[%clk 01:02:06]} {[%emt 00:01:56]} Re8 {[%clk 00:56:58]} {[%emt 00:06:11]} 14.
Nb3 {[%clk 00:56:51]} {[%emt 00:05:23]} Nb6 {[%clk 00:52:46]} {[%emt 00:04:24]}
15. Qxd4 {[%clk 00:52:36]} {[%emt 00:04:24]} Qxd4+ {[%clk 00:52:00]} {[%emt
00:00:57]} 16. Nxd4 {[%clk 00:52:35]} {[%emt 00:00:08]} Bc5 {[%clk 00:52:00]}
{[%emt 00:00:06]} 17. e3 {[%clk 00:51:10]} {[%emt 00:01:34]} Nc4 {[%emt
00:01:08]} 18. Nb3 {[%clk 00:38:51]} {[%emt 00:12:26]} Bxe3+ {[%clk 00:48:52]}
{[%emt 00:02:24]} 19. Bxe3 {[%clk 00:38:15]} {[%emt 00:00:47]} Nxe3 {[%clk
00:48:52]} {[%emt 00:00:08]} 20. Rfe1 {[%clk 00:37:38]} {[%emt 00:00:43]} Nxg2
{[%clk 00:48:18]} {[%emt 00:00:47]} 21. Rxe8+ {[%clk 00:37:15]} {[%emt
00:00:32]} Nxe8 {[%clk 00:48:18]} {[%emt 00:00:01]} 22. Kxg2 {[%clk 00:37:09]}
{[%emt 00:00:15]} h6 {[%clk 00:47:33]} {[%emt 00:00:56]} 23. Nf3 {[%clk
00:36:06]} {[%emt 00:01:13]} Be6 {[%clk 00:46:42]} {[%emt 00:01:00]} 24. Nc5
{[%clk 00:34:37]} {[%emt 00:01:39]} Bd5 {[%clk 00:45:49]} {[%emt 00:01:04]} 25.
a3 {[%clk 00:34:21]} {[%emt 00:00:26]} Rc8 {[%clk 00:45:44]} {[%emt 00:00:15]}
26. Rc1 {[%clk 00:34:19]} {[%emt 00:00:11]} Nd6 {[%clk 00:43:46]} {[%emt
00:02:08]} 27. Nd3 {[%clk 00:33:01]} {[%emt 00:01:27]} Re8 {[%clk 00:39:21]}
{[%emt 00:04:37]} 28. Nde5 {[%clk 00:26:59]} {[%emt 00:06:11]} Nf5 {[%clk
00:35:56]} {[%emt 00:03:37]} 29. Kf2 {[%clk 00:23:13]} {[%emt 00:03:55]} f6
{[%clk 00:35:02]} {[%emt 00:01:05]} 30. Rc5 {[%clk 00:12:51]} {[%emt 00:10:31]}
Be6 {[%clk 00:32:58]} {[%emt 00:02:15]} 31. Nc4 {[%clk 00:11:58]} {[%emt
00:01:03]} b5 {[%clk 00:29:40]} {[%emt 00:03:28]} 32. Ncd2 {[%clk 00:11:26]}
{[%emt 00:00:41]} Nd6 {[%clk 00:27:31]} {[%emt 00:02:19]} 33. Nd4 {[%clk
00:10:08]} {[%emt 00:01:26]} Bg4 {[%clk 00:26:25]} {[%emt 00:01:18]} 34. Rc6
{[%clk 00:07:46]} {[%emt 00:02:30]} Nf5 {[%clk 00:24:53]} {[%emt 00:01:44]} 35.
N4f3 {[%clk 00:05:53]} {[%emt 00:02:03]} Ne3 {[%emt 00:00:29]} 36. Rc1 {[%clk
00:05:36]} {[%emt 00:00:23]} Bf5 {[%clk 00:23:01]} {[%emt 00:01:47]} 37. Nd4
{[%clk 00:04:10]} {[%emt 00:01:35]} Bd3 {[%clk 00:21:43]} {[%emt 00:01:30]} 38.
h3 {[%clk 00:04:02]} {[%emt 00:00:17]} Nc4 {[%clk 00:20:17]} {[%emt 00:01:37]}
39. Nxc4 {[%clk 00:04:02]} {[%emt 00:00:06]} bxc4 {[%clk 00:20:17]} {[%emt
00:00:11]} 40. Re1 {[%clk 00:04:02]} {[%emt 00:00:07]} Rb8 {[%clk 00:20:17]}
{[%emt 00:00:05]} 41. Nc6 {[%clk 00:03:52]} {[%emt 00:00:20]} Rxb2+ {[%clk
00:20:17]} {[%emt 00:00:02]} 42. Kg1 {[%clk 00:03:49]} {[%emt 00:00:12]} c3
{[%clk 00:20:17]} {[%emt 00:00:08]} 43. Nb4 {[%clk 00:03:46]} {[%emt 00:00:13]}
Bg6 {[%clk 00:20:12]} {[%emt 00:00:14]} 44. Rc1 {[%clk 00:03:46]} {[%emt
00:00:06]} c2 {[%clk 00:19:54]} {[%emt 00:00:29]} 45. g4 {[%clk 00:03:46]}
{[%emt 00:00:02]} Rb1 {[%clk 00:19:54]} {[%emt 00:00:05]} 46. Na2 {[%clk
00:03:46]} {[%emt 00:00:02]} Bf7 {[%clk 00:19:54]} {[%emt 00:00:03]} 0-1

[Event "2025 National K-12 Grade Championship"]
[Site "Spokane, WI USA, United States"]
[Date "2025.12.12"]
[Round "2.21"]
[White "Nagavarapu, Saket"]
[Black "Debmisra, Ariv"]
[Result "0-1"]
[TimeControl "G/90; d10"]
[WhiteFideId "39996360"]
[BlackFideId "39900207"]
[WhiteElo "1520"]
[BlackElo "2143"]

1. b3 {[%clk 01:29:46]} {[%emt 00:00:24]} Nf6 {[%clk 01:30:00]} {[%emt
00:00:08]} 2. Bb2 {[%clk 01:29:42]} {[%emt 00:00:15]} e6 {[%clk 01:29:49]}
{[%emt 00:00:22]} 3. e3 {[%clk 01:29:40]} {[%emt 00:00:12]} b6 {[%clk
01:29:49]} {[%emt 00:00:08]} 4. Nf3 {[%clk 01:29:37]} {[%emt 00:00:11]} Bb7
{[%clk 01:29:49]} {[%emt 00:00:06]} 5. d4 {[%clk 01:29:37]} {[%emt 00:00:09]}
Be7 {[%clk 01:29:32]} {[%emt 00:00:27]} 6. Be2 {[%clk 01:29:22]} {[%emt
00:00:25]} c5 {[%clk 01:29:29]} {[%emt 00:00:14]} 7. c4 {[%clk 01:29:00]}
{[%emt 00:00:31]} O-O {[%clk 01:29:19]} {[%emt 00:00:21]} 8. O-O {[%clk
01:28:50]} {[%emt 00:00:21]} d5 {[%clk 01:28:52]} {[%emt 00:00:37]} 9. Nc3
{[%clk 01:27:12]} {[%emt 00:01:47]} Nbd7 {[%clk 01:28:47]} {[%emt 00:00:16]} 10.
Rc1 {[%clk 01:25:04]} {[%emt 00:02:16]} Rc8 {[%clk 01:28:28]} {[%emt 00:00:30]}
11. h3 {[%clk 01:22:39]} {[%emt 00:02:37]} Ba6 {[%clk 01:26:03]} {[%emt
00:02:34]} 12. cxd5 {[%clk 01:19:42]} {[%emt 00:03:06]} Bxe2 {[%clk 01:25:49]}
{[%emt 00:00:25]} 13. Qxe2 {[%clk 01:18:01]} {[%emt 00:01:51]} exd5 {[%clk
01:25:32]} {[%emt 00:00:27]} 14. Rfd1 {[%clk 01:14:35]} {[%emt 00:03:34]} Re8
{[%clk 01:00:11]} {[%emt 00:25:31]} 15. dxc5 {[%clk 01:09:56]} {[%emt
00:04:49]} Rxc5 {[%clk 00:59:14]} {[%emt 00:01:07]} 16. Nd4 {[%clk 00:58:53]}
{[%emt 00:11:09]} Qa8 {[%clk 00:54:39]} {[%emt 00:04:49]} 17. Ba3 {[%clk
00:54:20]} {[%emt 00:04:43]} Rxc3 {[%clk 00:53:36]} {[%emt 00:01:13]} 18. Rxc3
{[%clk 00:53:25]} {[%emt 00:01:05]} Bxa3 {[%clk 00:53:36]} {[%emt 00:00:05]} 19.
Nb5 {[%clk 00:52:38]} {[%emt 00:00:56]} Bb4 {[%clk 00:52:33]} {[%emt 00:01:15]}
20. Rc2 {[%clk 00:44:37]} {[%emt 00:08:05]} Qb7 {[%clk 00:41:50]} {[%emt
00:10:57]} 21. Rc7 {[%clk 00:42:46]} {[%emt 00:01:58]} Qb8 {[%clk 00:41:50]}
{[%emt 00:00:10]} 22. Rxa7 {[%clk 00:41:37]} {[%emt 00:01:19]} Rc8 {[%clk
00:41:41]} {[%emt 00:00:19]} 23. Ra4 {[%clk 00:38:48]} {[%emt 00:02:50]} Be7
{[%clk 00:41:36]} {[%emt 00:00:24]} 24. Rad4 {[%clk 00:35:14]} {[%emt
00:03:40]} Rc5 {[%clk 00:40:54]} {[%emt 00:00:55]} 25. b4 {[%clk 00:33:27]}
{[%emt 00:01:58]} Rc6 {[%clk 00:40:33]} {[%emt 00:00:32]} 26. R1d2 {[%clk
00:29:45]} {[%emt 00:03:49]} Qc8 {[%clk 00:38:55]} {[%emt 00:01:50]} 27. Na7
{[%clk 00:25:52]} {[%emt 00:04:03]} Rc1+ {[%clk 00:38:55]} {[%emt 00:00:06]} 28.
Rd1 {[%clk 00:25:34]} {[%emt 00:00:28]} Rxd1+ {[%clk 00:38:34]} {[%emt
00:00:31]} 29. Qxd1 {[%clk 00:23:32]} {[%emt 00:02:12]} Qa8 {[%clk 00:36:16]}
{[%emt 00:02:28]} 30. Qa4 {[%clk 00:22:18]} {[%emt 00:01:24]} Bd6 {[%clk
00:34:53]} {[%emt 00:01:34]} 31. Qc6 {[%clk 00:19:26]} {[%emt 00:02:57]} Qxa7
{[%clk 00:33:17]} {[%emt 00:01:50]} 32. Qxd6 {[%clk 00:19:04]} {[%emt
00:00:32]} Qxa2 {[%clk 00:33:17]} {[%emt 00:00:10]} 33. Rf4 {[%clk 00:18:10]}
{[%emt 00:01:24]} Qa1+ {[%clk 00:32:54]} {[%emt 00:00:36]} 34. Kh2 {[%emt
00:00:43]} Qe5 {[%clk 00:32:50]} {[%emt 00:00:11]} 35. Qxe5 {[%clk 00:17:16]}
{[%emt 00:00:33]} Nxe5 {[%clk 00:32:50]} {[%emt 00:00:05]} 36. g4 {[%clk
00:16:36]} {[%emt 00:00:50]} Ne4 {[%clk 00:32:27]} {[%emt 00:00:33]} 37. Rf5
{[%clk 00:13:58]} {[%emt 00:02:41]} f6 {[%clk 00:31:59]} {[%emt 00:00:46]} 38.
f3 {[%clk 00:12:42]} {[%emt 00:01:25]} Nd6 {[%clk 00:23:28]} {[%emt 00:08:43]}
39. Rf4 {[%clk 00:12:09]} {[%emt 00:00:41]} Kf7 {[%clk 00:23:18]} {[%emt
00:00:20]} 40. Kg3 {[%clk 00:10:28]} {[%emt 00:01:51]} Nb5 {[%clk 00:22:47]}
{[%emt 00:00:43]} 41. h4 {[%clk 00:09:08]} {[%emt 00:01:29]} Ke6 {[%clk
00:22:17]} {[%emt 00:00:40]} 42. h5 {[%clk 00:08:13]} {[%emt 00:01:05]} Nd3
{[%clk 00:21:58]} {[%emt 00:00:30]} 43. Rf5 {[%clk 00:07:32]} {[%emt 00:00:50]}
g6 {[%clk 00:21:50]} {[%emt 00:00:18]} 44. hxg6 {[%clk 00:07:23]} {[%emt
00:00:20]} hxg6 {[%clk 00:21:50]} {[%emt 00:00:02]} 45. Rf4 {[%clk 00:07:02]}
{[%emt 00:00:31]} Nxf4 {[%clk 00:21:50]} {[%emt 00:00:08]} 46. Kxf4 {[%clk
00:06:56]} {[%emt 00:00:16]} g5+ {[%clk 00:21:49]} {[%emt 00:00:12]} 47. Kg3
{[%clk 00:06:41]} {[%emt 00:00:24]} d4 {[%clk 00:21:34]} {[%emt 00:00:25]} 48.
exd4 {[%clk 00:06:34]} {[%emt 00:00:16]} Nxd4 {[%clk 00:21:34]} {[%emt
00:00:07]} 49. Kf2 {[%clk 00:06:23]} {[%emt 00:00:20]} Nc2 {[%clk 00:21:34]}
{[%emt 00:00:05]} 50. b5 {[%clk 00:06:11]} {[%emt 00:00:21]} Nd4 {[%clk
00:21:34]} {[%emt 00:00:07]} 51. Ke3 {[%clk 00:04:57]} {[%emt 00:01:23]} Nxb5
{[%clk 00:21:34]} {[%emt 00:00:08]} 52. Kd3 {[%clk 00:04:57]} {[%emt 00:00:04]}
Ke5 {[%clk 00:21:34]} {[%emt 00:00:05]} 53. Kc4 {[%clk 00:04:57]} {[%emt
00:00:05]} Nd6+ {[%clk 00:21:34]} {[%emt 00:00:03]} 54. Kd3 {[%clk 00:04:56]}
{[%emt 00:00:11]} b5 {[%clk 00:21:34]} {[%emt 00:00:02]} 55. Ke2 {[%clk
00:04:56]} {[%emt 00:00:03]} b4 {[%clk 00:21:34]} {[%emt 00:00:01]} 56. Kd3
{[%clk 00:04:56]} Kf4 {[%clk 00:21:34]} {[%emt 00:00:05]} 57. Kc2 {[%clk
00:04:56]} {[%emt 00:00:07]} Kxf3 {[%clk 00:21:34]} {[%emt 00:00:03]} 58. Kb3
{[%clk 00:04:56]} {[%emt 00:00:03]} Kxg4 {[%clk 00:21:34]} {[%emt 00:00:02]} 59.
Kxb4 {[%clk 00:04:56]} {[%emt 00:00:10]} f5 {[%clk 00:21:34]} {[%emt 00:00:01]}
60. Kc5 {[%clk 00:04:56]} {[%emt 00:00:01]} f4 {[%clk 00:21:34]} {[%emt
00:00:01]} 61. Kxd6 {[%clk 00:04:56]} {[%emt 00:00:01]} f3 {[%clk 00:21:34]}
{[%emt 00:00:01]} 62. Ke5 {[%clk 00:04:56]} {[%emt 00:00:02]} f2 {[%clk
00:21:34]} {[%emt 00:00:01]} 63. Ke6 {[%clk 00:04:56]} {[%emt 00:00:01]} f1=Q
{[%clk 00:21:34]} {[%emt 00:00:02]} 64. Ke7 {[%clk 00:04:56]} {[%emt 00:00:02]}
Qa6 {[%clk 00:21:34]} {[%emt 00:00:02]} 65. Kd7 {[%clk 00:04:56]} {[%emt
00:00:01]} Qf6 {[%clk 00:21:34]} {[%emt 00:00:01]} 66. Kc7 {[%clk 00:04:56]}
{[%emt 00:00:01]} Qe6 {[%clk 00:21:34]} {[%emt 00:00:01]} 67. Kd8 {[%clk
00:04:56]} {[%emt 00:00:02]} Qf7 {[%clk 00:21:34]} {[%emt 00:00:01]} 68. Kc8
{[%clk 00:04:56]} {[%emt 00:00:01]} Qe7 {[%clk 00:21:34]} {[%emt 00:00:01]} 69.
Kb8 {[%clk 00:04:56]} {[%emt 00:00:01]} Qd7 {[%clk 00:21:34]} {[%emt 00:00:01]}
70. Ka8 {[%clk 00:04:56]} {[%emt 00:00:01]} Kf5 {[%clk 00:21:34]} {[%emt
00:00:02]} 71. Kb8 {[%clk 00:04:56]} {[%emt 00:00:01]} Ke5 {[%clk 00:21:34]}
{[%emt 00:00:02]} 72. Ka8 {[%clk 00:04:56]} {[%emt 00:00:01]} Kd6 {[%clk
00:21:34]} {[%emt 00:00:01]} 73. Kb8 {[%clk 00:04:56]} {[%emt 00:00:02]} Kc6
{[%clk 00:21:34]} {[%emt 00:00:01]} 74. Ka8 {[%clk 00:04:56]} {[%emt 00:00:01]}
Qb7# {[%emt 00:01:02]} 0-1

[Event "2025 National K-12 Grade Championship"]
[Site "Spokane, WI USA, United States"]
[Date "2025.12.12"]
[Round "2.22"]
[White "Liu, Liam"]
[Black "Thota, Mani Karthikeya"]
[Result "1-0"]
[TimeControl "G/90; d10"]
[WhiteFideId "39918270"]
[BlackFideId "39991571"]
[WhiteElo "2117"]
[BlackElo "1516"]

1. e4 {[%clk 01:30:00]} {[%emt 00:00:02]} c5 {[%clk 01:30:00]} {[%emt
00:00:08]} 2. c3 {[%clk 01:30:00]} {[%emt 00:00:05]} Nf6 {[%clk 01:29:57]}
{[%emt 00:00:13]} 3. e5 {[%clk 01:30:00]} {[%emt 00:00:04]} Nd5 {[%clk
01:29:57]} {[%emt 00:00:08]} 4. d4 {[%clk 01:30:00]} {[%emt 00:00:06]} cxd4
{[%clk 01:29:57]} {[%emt 00:00:06]} 5. cxd4 {[%clk 01:30:00]} {[%emt 00:00:06]}
e6 {[%clk 01:29:55]} {[%emt 00:00:12]} 6. Nc3 {[%clk 01:29:48]} {[%emt
00:00:22]} Bb4 {[%clk 01:29:17]} {[%emt 00:00:48]} 7. Bd2 {[%clk 01:29:48]}
{[%emt 00:00:06]} Nxc3 {[%clk 01:29:04]} {[%emt 00:00:23]} 8. bxc3 {[%clk
01:29:48]} {[%emt 00:00:06]} Be7 {[%clk 01:29:04]} {[%emt 00:00:08]} 9. Bd3
{[%clk 01:29:48]} {[%emt 00:00:06]} O-O {[%clk 01:28:39]} {[%emt 00:00:35]} 10.
f4 {[%clk 01:27:27]} {[%emt 00:02:31]} d6 {[%clk 01:20:24]} {[%emt 00:08:25]}
11. Nf3 {[%clk 01:27:27]} {[%emt 00:00:06]} Nc6 {[%clk 01:18:39]} {[%emt
00:01:54]} 12. Qe2 {[%clk 01:26:45]} {[%emt 00:00:51]} b6 {[%clk 01:16:55]}
{[%emt 00:01:55]} 13. Qe4 {[%clk 01:26:22]} {[%emt 00:00:33]} g6 {[%clk
01:16:06]} {[%emt 00:01:00]} 14. Qxc6 {[%clk 01:25:08]} {[%emt 00:01:23]} Bd7
{[%clk 01:15:59]} {[%emt 00:00:18]} 15. Qe4 {[%clk 01:25:08]} {[%emt 00:00:06]}
d5 {[%clk 01:15:51]} {[%emt 00:00:18]} 16. Qe2 {[%clk 01:25:08]} {[%emt
00:00:07]} Rc8 {[%clk 01:15:26]} {[%emt 00:00:35]} 17. h4 {[%clk 01:25:08]}
{[%emt 00:00:08]} Kg7 {[%clk 01:15:04]} {[%emt 00:00:32]} 18. h5 {[%clk
01:25:08]} {[%emt 00:00:08]} Qc7 {[%clk 01:14:44]} {[%emt 00:00:30]} 19. g4
{[%clk 01:25:06]} {[%emt 00:00:13]} a5 {[%clk 01:14:30]} {[%emt 00:00:24]} 20.
Qh2 {[%clk 01:24:35]} {[%emt 00:00:41]} Rh8 {[%clk 01:14:23]} {[%emt 00:00:17]}
21. Ke2 {[%clk 01:24:32]} {[%emt 00:00:13]} h6 {[%clk 01:13:20]} {[%emt
00:01:13]} 22. hxg6 {[%clk 01:24:20]} {[%emt 00:00:21]} fxg6 {[%clk 01:13:07]}
{[%emt 00:00:23]} 23. Rag1 {[%clk 01:24:04]} {[%emt 00:00:26]} Rcg8 {[%clk
01:13:03]} {[%emt 00:00:15]} 24. f5 {[%clk 01:23:54]} {[%emt 00:00:20]} Kf7
{[%clk 01:12:11]} {[%emt 00:01:01]} 25. fxg6+ {[%clk 01:22:41]} {[%emt
00:01:24]} Ke8 {[%clk 01:12:07]} {[%emt 00:00:13]} 26. Qf4 {[%clk 01:22:41]}
{[%emt 00:00:07]} Kd8 {[%clk 01:11:37]} {[%emt 00:00:40]} 27. Rxh6 {[%clk
01:22:32]} {[%emt 00:00:20]} Rxh6 {[%clk 01:11:22]} {[%emt 00:00:25]} 28. Qxh6
{[%clk 01:22:32]} {[%emt 00:00:09]} Bf8 {[%clk 01:11:03]} {[%emt 00:00:29]} 29.
g7 {[%clk 01:22:16]} {[%emt 00:00:26]} Rxg7 {[%clk 01:10:49]} {[%emt 00:00:23]}
30. Qf6+ {[%clk 01:22:16]} {[%emt 00:00:07]} Re7 {[%clk 01:10:31]} {[%emt
00:00:27]} 31. Qxf8+ {[%clk 01:22:16]} {[%emt 00:00:08]} Re8 {[%clk 01:10:28]}
{[%emt 00:00:13]} 32. Qd6 {[%clk 01:22:16]} {[%emt 00:00:08]} Qb7 {[%clk
01:10:13]} {[%emt 00:00:25]} 33. g5 {[%clk 01:22:16]} {[%emt 00:00:10]} a4
{[%clk 01:10:03]} {[%emt 00:00:21]} 34. g6 {[%clk 01:22:16]} {[%emt 00:00:06]}
b5 {[%clk 01:09:56]} {[%emt 00:00:17]} 35. g7 {[%clk 01:22:16]} {[%emt
00:00:06]} Rg8 {[%clk 01:09:43]} {[%emt 00:00:23]} 36. Bg5+ {[%clk 01:22:13]}
{[%emt 00:00:14]} Kc8 {[%clk 01:09:43]} {[%emt 00:00:10]} 37. Qf8+ {[%clk
01:22:13]} {[%emt 00:00:05]} Rxf8 {[%clk 01:09:38]} {[%emt 00:00:15]} 38.
gxf8=Q+ {[%clk 01:22:13]} {[%emt 00:00:08]} Kc7 {[%clk 01:09:32]} {[%emt
00:00:16]} 39. Bd8+ {[%clk 01:22:11]} {[%emt 00:00:11]} Kb8 {[%clk 01:09:16]}
{[%emt 00:00:26]} 40. Rg7 {[%clk 01:22:07]} {[%emt 00:00:14]} Qc8 {[%clk
01:09:12]} {[%emt 00:00:14]} 41. Qd6+ {[%clk 01:22:07]} {[%emt 00:00:05]} Ka8
{[%clk 01:08:59]} {[%emt 00:00:23]} 42. Rxd7 {[%clk 01:22:07]} {[%emt
00:00:08]} a3 {[%clk 01:08:54]} {[%emt 00:00:15]} 43. Bxb5 {[%clk 01:22:07]}
{[%emt 00:00:06]} Qxc3 {[%clk 01:07:53]} {[%emt 00:01:12]} 44. Qa6+ {[%clk
01:22:05]} {[%emt 00:00:12]} Kb8 {[%clk 01:07:53]} {[%emt 00:00:07]} 45. Qb7#
{[%emt 00:00:05]} 1-0

[Event "2025 National K-12 Grade Championship"]
[Site "Spokane, WI USA, United States"]
[Date "2025.12.12"]
[Round "2.23"]
[White "Bloom, Yoav"]
[Black "Paragiri, Reyansh"]
[Result "0-1"]
[TimeControl "G/90; d10"]
[WhiteFideId "2874997"]
[BlackFideId "30997704"]
[WhiteElo "1669"]
[BlackElo "2131"]

1. d4 {[%clk 01:30:00]} {[%emt 00:00:05]} d5 {[%clk 01:29:59]} {[%emt
00:00:12]} 2. c4 {[%clk 01:30:00]} {[%emt 00:00:07]} e6 {[%clk 01:29:59]}
{[%emt 00:00:05]} 3. Nf3 {[%clk 01:30:00]} {[%emt 00:00:05]} c6 {[%clk
01:29:59]} {[%emt 00:00:06]} 4. g3 {[%clk 01:29:49]} {[%emt 00:00:21]} dxc4
{[%clk 01:29:59]} {[%emt 00:00:07]} 5. Bg2 {[%clk 01:29:49]} {[%emt 00:00:10]}
b5 {[%clk 01:29:54]} {[%emt 00:00:15]} 6. a4 {[%clk 01:29:30]} {[%emt
00:00:30]} Bb7 {[%clk 01:29:54]} {[%emt 00:00:06]} 7. Nc3 {[%clk 01:28:06]}
{[%emt 00:01:34]} a6 {[%clk 01:29:51]} {[%emt 00:00:12]} 8. O-O {[%clk
01:28:03]} {[%emt 00:00:12]} Nf6 {[%clk 01:29:49]} {[%emt 00:00:12]} 9. Bf4
{[%clk 01:28:03]} {[%emt 00:00:10]} Be7 {[%clk 01:28:11]} {[%emt 00:01:49]} 10.
Nd2 {[%clk 01:27:02]} {[%emt 00:01:11]} O-O {[%clk 01:26:36]} {[%emt 00:01:44]}
11. axb5 {[%clk 01:26:32]} {[%emt 00:00:41]} axb5 {[%clk 01:26:28]} {[%emt
00:00:17]} 12. Rxa8 {[%clk 01:26:20]} {[%emt 00:00:22]} Bxa8 {[%clk 01:26:28]}
{[%emt 00:00:08]} 13. Nxb5 {[%clk 01:25:30]} {[%emt 00:01:01]} cxb5 {[%clk
01:26:15]} {[%emt 00:00:23]} 14. Bxa8 {[%clk 01:25:13]} {[%emt 00:00:28]} Qxd4
{[%clk 01:25:59]} {[%emt 00:00:25]} 15. Qc2 {[%clk 01:25:08]} {[%emt 00:00:13]}
Nd5 {[%clk 01:24:16]} {[%emt 00:01:55]} 16. Nf3 {[%clk 01:23:47]} {[%emt
00:01:31]} Qc5 {[%clk 01:23:04]} {[%emt 00:01:22]} 17. Bxd5 {[%clk 01:23:12]}
{[%emt 00:00:46]} Qxd5 {[%clk 01:21:44]} {[%emt 00:01:30]} 18. Rd1 {[%clk
01:23:12]} {[%emt 00:00:04]} Qc5 {[%clk 01:21:36]} {[%emt 00:00:18]} 19. Be3
{[%clk 01:20:09]} {[%emt 00:03:13]} Qc7 {[%clk 01:21:30]} {[%emt 00:00:16]} 20.
Bf4 {[%clk 01:19:58]} {[%emt 00:00:22]} Qb7 {[%clk 01:20:45]} {[%emt 00:00:55]}
21. Bxb8 {[%clk 01:06:06]} {[%emt 00:14:02]} Rxb8 {[%clk 01:20:34]} {[%emt
00:00:21]} 22. b3 {[%clk 01:04:36]} {[%emt 00:01:40]} cxb3 {[%clk 01:16:18]}
{[%emt 00:04:25]} 23. Qxb3 {[%clk 01:04:34]} {[%emt 00:00:12]} Bf6 {[%clk
01:16:17]} {[%emt 00:00:11]} 24. Qb4 {[%clk 01:03:55]} {[%emt 00:00:49]} Qc7
{[%clk 01:12:21]} {[%emt 00:04:07]} 25. Rb1 {[%clk 01:02:44]} {[%emt 00:01:21]}
Bc3 {[%clk 01:11:05]} {[%emt 00:01:26]} 26. Qb3 {[%clk 01:01:33]} {[%emt
00:01:21]} b4 {[%clk 01:09:57]} {[%emt 00:01:18]} 27. Rc1 {[%clk 01:01:26]}
{[%emt 00:00:17]} Qd6 {[%clk 01:09:11]} {[%emt 00:00:56]} 28. Kg2 {[%clk
01:00:17]} {[%emt 00:01:18]} Rd8 {[%clk 01:08:08]} {[%emt 00:01:14]} 29. Rxc3
{[%clk 00:58:15]} {[%emt 00:02:11]} bxc3 {[%clk 01:08:04]} {[%emt 00:00:16]} 30.
Qxc3 {[%clk 00:58:13]} {[%emt 00:00:13]} Re8 {[%clk 01:07:17]} {[%emt
00:00:56]} 31. Qc2 {[%clk 00:58:00]} {[%emt 00:00:23]} h6 {[%clk 01:07:08]}
{[%emt 00:00:18]} 32. Qa4 {[%clk 00:57:53]} {[%emt 00:00:18]} Qb8 {[%clk
01:06:17]} {[%emt 00:01:01]} 33. Qe4 {[%clk 00:57:36]} {[%emt 00:00:26]} e5
{[%clk 01:04:41]} {[%emt 00:01:47]} 34. h4 {[%clk 00:57:04]} {[%emt 00:00:42]}
Qd6 {[%clk 01:04:32]} {[%emt 00:00:18]} 35. Kh2 {[%clk 00:56:29]} {[%emt
00:00:45]} Qe6 {[%clk 01:04:19]} {[%emt 00:00:24]} 36. Kg2 {[%clk 00:56:18]}
{[%emt 00:00:19]} f5 {[%clk 01:02:34]} {[%emt 00:01:57]} 37. Qa4 {[%clk
00:55:22]} {[%emt 00:01:06]} Re7 {[%clk 01:01:39]} {[%emt 00:01:05]} 38. Qa8+
{[%clk 00:54:14]} {[%emt 00:01:19]} Kh7 {[%clk 01:01:03]} {[%emt 00:00:45]} 39.
Qb8 {[%clk 00:54:00]} {[%emt 00:00:23]} f4 {[%clk 00:59:27]} {[%emt 00:01:47]}
40. Qb1+ {[%clk 00:54:00]} {[%emt 00:00:05]} Qg6 {[%clk 00:59:18]} {[%emt
00:00:20]} 41. Qxg6+ {[%clk 00:52:57]} {[%emt 00:01:12]} Kxg6 {[%clk 00:59:18]}
{[%emt 00:00:10]} 42. g4 {[%clk 00:52:57]} {[%emt 00:00:05]} Kf6 {[%clk
00:58:58]} {[%emt 00:00:30]} 43. Kf1 {[%clk 00:51:10]} {[%emt 00:01:57]} g5
{[%clk 00:58:55]} {[%emt 00:00:13]} 44. h5 {[%clk 00:50:59]} {[%emt 00:00:21]}
e4 {[%clk 00:51:43]} {[%emt 00:07:22]} 45. Nd4 {[%clk 00:50:59]} {[%emt
00:00:04]} Re5 {[%clk 00:51:43]} {[%emt 00:00:05]} 46. e3 {[%clk 00:47:06]}
{[%emt 00:04:04]} Rd5 {[%clk 00:50:23]} {[%emt 00:01:30]} 47. Kg2 {[%clk
00:44:56]} {[%emt 00:02:19]} Rxd4 {[%clk 00:50:20]} {[%emt 00:00:14]} 48. exd4
{[%clk 00:44:22]} {[%emt 00:00:44]} Ke6 {[%clk 00:50:20]} {[%emt 00:00:02]} 49.
Kf1 {[%clk 00:43:14]} {[%emt 00:01:18]} Kd5 {[%clk 00:50:20]} {[%emt 00:00:03]}
50. Ke2 {[%clk 00:41:28]} {[%emt 00:01:56]} Kxd4 {[%clk 00:50:20]} {[%emt
00:00:04]} 51. Kd2 {[%clk 00:38:52]} {[%emt 00:02:45]} e3+ {[%clk 00:50:18]}
{[%emt 00:00:14]} 52. fxe3+ {[%clk 00:38:17]} {[%emt 00:00:44]} fxe3+ {[%clk
00:50:18]} {[%emt 00:00:05]} 53. Ke1 {[%clk 00:38:03]} {[%emt 00:00:24]} Ke4
{[%clk 00:50:18]} {[%emt 00:00:04]} 54. Ke2 {[%clk 00:37:47]} {[%emt 00:00:25]}
Kf4 {[%clk 00:50:18]} {[%emt 00:00:10]} 55. Kf1 {[%clk 00:37:28]} {[%emt
00:00:29]} Kf3 {[%clk 00:50:18]} {[%emt 00:00:06]} 56. Ke1 {[%clk 00:36:12]}
{[%emt 00:01:26]} e2 {[%clk 00:50:18]} {[%emt 00:00:02]} 0-1